00947nam a2200193 a 450000100100000000500170001000800410002702000180006804000250008610000240011124501430013526000750027830000200035370000270037395201200040095201050052095201110062599900170073600003928220201002031557.0130621s2012 dr 000 0 spa d a9789945165326 aDO-SdBNPbspacBNPHU1 aTejada, Eddy96547813aEl tráfico ilícito y la trata de personas desde y en República Dominicana :bmigration policy brief /cEddy Tejada, Bridget Wooding. aSanto Domingo :bCentro de Investigaciones y Estudios Sociales,c2012. a23 p. ;c29 cm.1 aWooding, Bridget92231 001054708DSaGRbGRcCTd2013-06-21iLF1l0o p39282-30r2020-06-25te. 3w2020-06-25yLFDSZPréstamo en sala 0010718PDaPDbPDcCTd2013-06-21iLF1l0o p39282-10r2020-06-25w2020-06-25yLFPDZNo se presta 0010718PDaPDbPDcCTd2013-06-21iLF1l0o p39282-20r2020-06-25te. 2w2020-06-25yLFPDZNo se presta c38772d38772